[Event "130th ch-NY State"]
[Site "Colonie USA"]
[Date "2008.09.01"]
[Round "5"]
[White "Katz,B"]
[Black "Aaron,D"]
[Result "1-0"]
[WhiteElo "2102"]
[BlackElo "2009"]

1.e4 e5 2.Nf3 Nc6 3.Bb5 a6 4.Ba4 Nf6 5.O-O b5 6.Bb3 Bb7 7.Re1 Bc5 8.c3 d6
9.d4 Bb6 10.Bg5 h6 11.Bh4 Qd7 12.a4 O-O-O 13.axb5 axb5 14.d5 Ne7 15.c4 g5
16.Bg3 Rdg8 17.cxb5 h5 18.Nc3 h4 19.Bxe5 g4 20.Bxf6 gxf3 21.Qxf3 Rh6 22.Na4 Ba5
23.Bc3 Bxc3 24.Nxc3 Rhg6 25.g3 hxg3 26.fxg3 f5 27.Bc2 Rf6 28.exf5 Nxf5 29.Bxf5 Rxf5
30.Qe4 Re5 31.Qh4 Reg5 32.Re4 Kb8 33.Qh6 Bxd5 34.Nxd5 Qf5 35.Re3 Qxd5 36.b6 cxb6
37.Rae1 Qd4 38.Qe6 R5g6 39.Qe4 Qxe4 40.Rxe4 Kb7 41.Rd4 Kc6 42.Rc1+ Kd7 43.Kg2 Re8
44.Rd2 Re3 45.Rc3 Rxc3 46.bxc3 Kc6 47.Rd4 Kc5 48.h4 Re6 49.h5 d5 50.Rh4 Re8
51.h6 Kd6 52.h7 Rh8 53.Kf3 b5 54.Ke3 Kc5 55.Kd3 d4 56.cxd4+ Kd5 57.Kc3  1-0

[Event "Masters"]
[Site "Trieste ITA"]
[Date "2008.09.01"]
[Round "3"]
[White "Fercec,N"]
[Black "Lenic,L"]
[Result "0-1"]
[WhiteElo "2486"]
[BlackElo "2584"]

1.e4 e5 2.Nf3 Nc6 3.Bb5 a6 4.Ba4 Nf6 5.O-O b5 6.Bb3 Bb7 7.c3 Nxe4 8.d4 exd4
9.Re1 d5 10.Ng5 Qd7 11.Rxe4+ dxe4 12.Bxf7+ Ke7 13.Be6 Qd6 14.Qh5 Nd8 15.cxd4 g6
16.Qh4 Ke8 17.Bf4 Qe7 18.Bb3 h6 19.Qg3 hxg5 20.Bxg5 Qg7 21.Bf4 Bd6 22.Bxd6 cxd6
23.Qxd6 Rc8 24.Nc3 Rc6 25.Qg3 Qc7 26.f4 Rf6 27.Ne2 Kf8 28.Rc1 Qd6 29.h3 Kg7
30.Rc5 Nc6 31.Rd5 Qc7 32.Qc3 Rc8 33.Rc5 Qb6 34.Kh1 Ne7 35.Rxc8 Bxc8 36.d5 Bb7
37.a4 b4 38.Qe5 Qd6 39.Qd4 Kh7 40.f5 Bxd5 41.fxg6+ Rxg6 42.Bc2 Qf6  0-1

[Event "TCh-FIN"]
[Site "Finland FIN"]
[Date "2008.09.06"]
[Round "1"]
[White "Kokkila,T"]
[Black "Hintikka,E"]
[Result "1-0"]
[WhiteElo "2332"]
[BlackElo "2151"]

1.e4 e5 2.Nf3 Nc6 3.Bb5 a6 4.Ba4 Nf6 5.O-O b5 6.Bb3 Bb7 7.Re1 Bc5 8.c3 d6
9.d4 Bb6 10.a4 Qe7 11.axb5 axb5 12.Rxa8+ Bxa8 13.Qd3 Na7 14.Na3 c6 15.Bd2 Nd7
16.Bg5 f6 17.Be3 Nc8 18.Ba2 Qd8 19.b4 Nb8 20.Nh4 g6 21.Bh6 Qd7 22.Qg3 Qe7
23.Nxg6 hxg6 24.Qxg6+ Kd7 25.Bg7 Rf8 26.Qh6 Rf7 27.Bxf7 Qxf7 28.Bxf6 Kc7
29.Qg7 Qxg7 30.Bxg7 Nd7 31.h4 Kd8 32.Nc2 Ke7 33.dxe5 dxe5 34.Ne3 Kf7 35.Nf5 Ne7
36.Nxe7 Kxg7 37.Nc8 Bb7 38.Nxb6 Nxb6 39.f3 c5 40.bxc5 Na4 41.Rd1 Nxc5 42.Rd6 Ba8
43.Rb6  1-0

[Event "XXV Aniversario"]
[Site "Parla ESP"]
[Date "2008.09.08"]
[Round "3"]
[White "Almagro Llamas,P"]
[Black "Solaesa Navalpotro,L"]
[Result "1-0"]
[WhiteElo "2492"]
[BlackElo "2216"]

1.e4 e5 2.Nf3 Nc6 3.Bb5 a6 4.Ba4 Nf6 5.O-O b5 6.Bb3 Bb7 7.Re1 Bc5 8.c3 d6
9.d4 Bb6 10.a4 O-O 11.Na3 Re8 12.Bg5 h6 13.Bxf6 Qxf6 14.Bd5 exd4 15.cxd4 b4
16.Nc4 Na5 17.Bxb7 Nxb7 18.a5 Ba7 19.Qd3 c5 20.d5 Bb8 21.Qc2 Bc7 22.Qa4 Qd8
23.Nfd2 Re7 24.Re3 Qe8 25.Qd1 Qb5 26.Qg4 Qd7 27.Qh4 Rae8 28.Rg3 Kh8 29.Ne3 Re5
30.Nf5 Rxf5 31.Qg4 g6 32.exf5 Qxf5 33.Qxf5 gxf5 34.Nc4 Re4 35.b3 Rxc4 36.bxc4 Nxa5
37.Re1 Nxc4 38.Re8+ Kh7 39.Re7 Bb6 40.Rxf7+ Kh8 41.h4 a5 42.h5 a4 43.Rf8+ Kh7
44.Rfg8  1-0

[Event "IV Geller Memorial"]
[Site "Odessa UKR"]
[Date "2008.09.10"]
[Round "2"]
[White "Bogdanovich,S"]
[Black "Lushenkov,M"]
[Result "0-1"]
[WhiteElo "2299"]
[BlackElo "2452"]

1.e4 e5 2.Nf3 Nc6 3.Bb5 a6 4.Ba4 Nf6 5.O-O b5 6.Bb3 Bb7 7.Re1 Bc5 8.c3 d6
9.d4 Bb6 10.Bc2 h6 11.b3 O-O 12.d5 Ne7 13.c4 c6 14.Be3 cxd5 15.cxd5 Ng4 16.Bxb6 Qxb6
17.Rf1 f5 18.Nbd2 Nf6 19.exf5 Nexd5 20.Qe1 Rac8 21.Rc1 Nf4 22.Kh1 e4 23.Nh4 Qd4
24.Bb1 Rxc1 25.Qxc1 Re8 26.Qd1 d5 27.Ng6 Nxg6 28.fxg6 Qe5 29.Qe2 d4 30.Re1 Qg5
31.Nf1 Qxg6 32.Qd2 Rd8 33.Ng3 d3 34.a4 Ng4 35.h3 e3 36.fxe3 Nf6 37.Qf2 Ne4
38.Nxe4 Bxe4 39.Rd1 Qh5 40.Qd2 Rd6 41.Rf1 Qe2 42.Rf2 Qxf2 43.Qxf2 d2 44.Bxe4 d1=Q+
45.Kh2 Rf6 46.Qb2 Qd6+ 47.Kg1 Re6 48.Qc2 Qe5 49.Bh7+ Kh8 50.Bf5 Qxe3+ 51.Kh2 Qe5+
52.Kh1 Re8 53.axb5 Qg3  0-1

[Event "IV Geller Memorial"]
[Site "Odessa UKR"]
[Date "2008.09.12"]
[Round "4"]
[White "Tukhaev,A"]
[Black "Lushenkov,M"]
[Result "1/2-1/2"]
[WhiteElo "2498"]
[BlackElo "2452"]

1.e4 e5 2.Nf3 Nc6 3.Bb5 a6 4.Ba4 Nf6 5.O-O b5 6.Bb3 Bb7 7.c3 Nxe4 8.d4 Na5
9.Bc2 exd4 10.Nxd4 c5 11.Nf5 d5 12.a4 g6 13.f3 Ng5 14.Bxg5 Qxg5 15.Qe2+ Kd7
16.axb5 axb5 17.f4 Qd8 18.Ne3 Nc4 19.Nxc4 bxc4 20.Rxa8 Bxa8 21.b3 cxb3 22.Bxb3 c4
23.Ba4+ Bc6 24.Qe3 Bxa4 25.Qa7+ Qc7 26.Qxa4+ Qc6 27.Qa7+ Qc7 28.Qa4+ Qc6
29.Qa7+ Qc7  1/2-1/2

[Event "VII Open"]
[Site "Bergamo ITA"]
[Date "2008.09.13"]
[Round "4"]
[White "Cardani,R"]
[Black "Buriani,A"]
[Result "0-1"]
[WhiteElo "1919"]
[BlackElo "2149"]

1.e4 e5 2.Nf3 Nc6 3.Bb5 a6 4.Ba4 Nf6 5.O-O b5 6.Bb3 Bb7 7.d3 Be7 8.Nc3 O-O
9.a4 b4 10.Nd5 d6 11.Bd2 a5 12.c3 bxc3 13.bxc3 Nb8 14.Nxe7+ Qxe7 15.Re1 Nbd7
16.Bg5 h6 17.Bc1 Nc5 18.Bc2 Qd7 19.Ba3 Qc6 20.Rb1 Rab8 21.Bc1 Ba8 22.Rxb8 Rxb8
23.Nh4 d5 24.Nf5 Re8 25.f3 Bb7 26.d4 Ncd7 27.Qd2 dxe4 28.fxe4 exd4 29.Nxg7 Nxe4
30.Qxh6 Qxh6 31.Bxh6 Re7 32.Nf5 Re6 33.Nxd4 Rxh6 34.Bxe4 Ba6 35.Bc6 Nc5 36.Bb5 Bxb5
37.axb5 Kf8 38.Ra1 a4 39.h3 Ke8 40.Kh2 Rf6 41.g4 Rf2+ 42.Kg1 Rd2 43.Re1+ Kf8
44.Nf5 a3 45.Nd4 a2 46.Ra1 Rb2  0-1

[Event "DMP Ekstraliga"]
[Site "Karpacz POL"]
[Date "2008.09.14"]
[Round "9"]
[White "Dworakowska,J"]
[Black "Zawadzka,J"]
[Result "1-0"]
[WhiteElo "2340"]
[BlackElo "2389"]

1.e4 e5 2.Nf3 Nc6 3.Bb5 a6 4.Ba4 Nf6 5.O-O b5 6.Bb3 Bb7 7.d3 Be7 8.Nc3 d6
9.a3 Na5 10.Ba2 c5 11.b4 Nc6 12.Nd5 O-O 13.c3 a5 14.Nxe7+ Qxe7 15.bxc5 dxc5
16.Nh4 Bc8 17.Bg5 Rd8 18.Bd5 Ra6 19.f4 Rd6 20.Nf3 h6 21.Bxf6 Rxf6 22.Bxc6 Rfxc6
23.Nxe5 Rd6 24.Rf3 f6 25.Ng6 Qe8 26.f5 c4 27.d4 Qxe4 28.Qe1 Qxe1+ 29.Rxe1 Rd8
30.Re7 Rad6 31.Ra7 b4 32.axb4 axb4 33.cxb4 Rxd4 34.Rc7 Bd7 35.Re3 Bb5 36.Ree7 R4d7
37.Rexd7 Bxd7 38.Rxc4 Rb8 39.g4 Be8 40.Nf4 Kh7 41.Kf2 h5 42.h3 Ra8 43.Ne6 hxg4
44.hxg4 g6 45.Ke3 Bb5 46.Rc7+ Kh6 47.Rc1 gxf5 48.gxf5 Kh7 49.Kd4 Ra2 50.Rh1+ Kg8
51.Rg1+ Kf7 52.Rg7+ Ke8 53.Nc7+ Kf8 54.Rg6 Bd7 55.Nd5 Rd2+ 56.Kc5 Rf2 57.Rxf6+ Kg7
58.Kd6 Be8 59.Re6 Bf7 60.Re5 Rb2 61.Kc5 Rc2+ 62.Kb6 Rd2 63.Nc3 Kf6 64.Rc5 Rd4
65.b5 Bh5 66.Kc7 Bf3 67.b6 Rh4 68.Nd5+ Ke5 69.b7 Rh8 70.Nb6+ Kd4 71.Rc4+ Ke5
72.b8=Q Rxb8 73.Kxb8 Kxf5 74.Kc7  1-0

[Event "IV Geller Memorial"]
[Site "Odessa UKR"]
[Date "2008.09.15"]
[Round "7"]
[White "Smirnov,I UKR"]
[Black "Lushenkov,M"]
[Result "1/2-1/2"]
[WhiteElo "2504"]
[BlackElo "2452"]

1.e4 e5 2.Nf3 Nc6 3.Bb5 a6 4.Ba4 Nf6 5.O-O b5 6.Bb3 Bb7 7.c3 Nxe4 8.d4 Na5
9.Bc2 exd4 10.Nxd4 c5 11.Bxe4 Bxe4 12.Re1 d5 13.f3 cxd4 14.fxe4 Be7 15.Qg4 O-O
16.Bh6 Bf6 17.e5 Re8 18.cxd4 Qb6 19.Be3 Be7 20.Nc3 Qe6 21.Qf3 Rad8 22.Ne2 Nc4
23.Nf4  1/2-1/2

[Event "IV Geller Memorial"]
[Site "Odessa UKR"]
[Date "2008.09.17"]
[Round "9"]
[White "Golubev,M"]
[Black "Lushenkov,M"]
[Result "1/2-1/2"]
[WhiteElo "2480"]
[BlackElo "2452"]

1.e4 e5 2.Nf3 Nc6 3.Bb5 a6 4.Ba4 Nf6 5.O-O b5 6.Bb3 Bb7 7.c3 Nxe4 8.d4 Na5
9.Bc2 exd4 10.Nxd4 c5 11.Nf5 d5 12.Qe1 Qd7 13.f3 Qxf5 14.fxe4 Qe6 15.exd5 Qxe1
16.Rxe1+ Kd7 17.Bf4 g6 18.Nd2 f5 19.Nf3 Bg7 20.Ng5 Rhe8 21.Ne6 Bf8 22.Nxf8+ Rxf8
23.Re6 Nc4 24.b3 Bxd5 25.Re2 Nb6 26.Rd1 Rae8 27.Rxe8 Rxe8 28.c4 Re2 29.Bd3 Rxg2+
30.Kf1 Rg4 31.Bg3 bxc4 32.bxc4 Nxc4 33.Bxc4 Rxc4 34.Rxd5+ Kc6 35.Rd6+ Kb5
36.h4 Ra4 37.Rd7 h6 38.Rd6 g5 39.h5 f4 40.Be1 Rxa2 41.Rxh6 g4 42.Rf6 Rh2
43.Rxf4 Rxh5  1/2-1/2

[Event "5th Highlands Open A"]
[Site "Zdar nad Sazavou CZE"]
[Date "2008.09.20"]
[Round "1"]
[White "Vecera,Pa"]
[Black "Zvara,P"]
[Result "1/2-1/2"]
[WhiteElo "2145"]
[BlackElo "2409"]

1.e4 e5 2.Nf3 Nc6 3.Bb5 a6 4.Ba4 Nf6 5.O-O b5 6.Bb3 Bb7 7.d3 Bc5 8.c3 d6
9.Bg5 h6 10.Bh4 g5 11.Bg3 Qe7 12.d4 Bb6 13.Re1 O-O 14.dxe5 Nxe5 15.Nxe5 dxe5
16.Nd2 Rad8 17.Qe2 Kg7 18.Rad1 Nd7 19.Qg4 Nc5 20.Nf3 f6 21.Nh4 Rxd1 22.Nf5+ Kh8
23.Bxd1 Qh7 24.Bf3 h5 25.Qxh5 Qxh5 26.Bxh5 Bxe4 27.Ne7 Bc2 28.Ng6+ Bxg6 29.Bxg6 Rd8
30.h4 Kg7 31.Bf5 Kh6 32.Kh2 Kh5 33.hxg5 Kxg5 34.Bh3 Rd2 35.Rf1 Nd3 36.f3 Rxb2
37.Rd1 Nf4 38.Rd8 Nxh3 39.Kxh3 Bf2 40.Bh2 Rxa2 41.g4 c5 42.Rg8+ Kh6 43.g5+ fxg5
44.Bxe5 Re2 45.Bf6 Re6 46.Bxg5+ Kh7 47.Ra8 Kg6 48.Kg4 b4  1/2-1/2

[Event "Zvenigorodskaya Open A"]
[Site "Zvenigorod RUS"]
[Date "2008.09.28"]
[Round "6"]
[White "Hovhannisyan,R"]
[Black "Kravtsiv,M"]
[Result "0-1"]
[WhiteElo "2379"]
[BlackElo "2555"]

1.e4 e5 2.Nf3 Nc6 3.Bb5 a6 4.Ba4 Nf6 5.O-O b5 6.Bb3 Bb7 7.c3 Nxe4 8.d4 Na5
9.Bc2 exd4 10.Nxd4 c5 11.Re1 d5 12.Nf5 Qf6 13.Qg4 h5 14.Qh3 g6 15.Bxe4 dxe4
16.Ng3 Be7 17.Nd2 e3 18.Rxe3 Rd8 19.Nge4 Qc6 20.b4 Nc4 21.Re1 Nxd2 22.Nxd2 cxb4
23.cxb4 O-O 24.Rb1 Rfe8 25.Nf1 Bxb4 26.Rxe8+ Rxe8 27.Bh6 Qe4 28.Rb3 Bc5 29.Be3 Bf8
30.f3 Qd5 31.Qg3 Qd1 32.Rc3 Rxe3 33.Rxe3 Bc5 34.Qe5 Bxe3+ 35.Qxe3 Bd5 36.Kf2 Bxa2
37.Nd2 Qc2 38.Kg3 Qc7+ 39.Kh3 Be6+ 40.g4 hxg4+ 41.fxg4 b4 42.Ne4 Qe5 43.Qf3 Kg7
44.Ng3 a5 45.Qb7 b3 46.Kh4 Qf4 47.h3 Qf6+  0-1

[Event "1st WMSG Blitz Ind"]
[Site "Beijing CHN"]
[Date "2008.10.04"]
[Round "1"]
[White "Kryvoruchko,Y"]
[Black "Kravtsiv,M"]
[Result "0-1"]
[WhiteElo "2627"]
[BlackElo "2549"]

1.e4 e5 2.Nf3 Nc6 3.Bb5 a6 4.Ba4 Nf6 5.O-O b5 6.Bb3 Bb7 7.c3 Nxe4 8.d4 Na5
9.Nxe5 Nxb3 10.Qxb3 Nd6 11.Bf4 Be7 12.a4 O-O 13.axb5 axb5 14.Na3 Rb8 15.Rfe1 b4
16.cxb4 Nf5 17.Nc2 d6 18.Ng4 Bg5 19.Bg3 h5 20.Nge3 Nxe3 21.fxe3 h4 22.Bf2 Qe7
23.d5 Qe4 24.Rad1 Bf6 25.Qd3 Qe7 26.e4 Bxb2 27.Bd4 Bxd4+ 28.Qxd4 Rfe8 29.Re3 Bc8
30.Rde1 h3 31.gxh3 Qe5 32.Qxe5 Rxe5 33.Rc3 Rb7 34.Kf2 f5 35.exf5 Rxf5+ 36.Rf3 Rxf3+
37.Kxf3 Bxh3 38.Re8+ Kf7 39.Ra8 Kf6 40.Rf8+ Ke5 41.Kg3 Bf5 42.Ne3 g6 43.h4 Rxb4
44.h5 Rb3 45.Kf2 Be4 46.h6 g5 47.Ng4+ Kd4 48.Nf6 Rh3 49.Rh8 Bxd5 50.h7 Rf3+
51.Ke2 Rxf6 52.Rg8 Bc4+ 53.Kd2 Rf2+ 54.Ke1 Re2+ 55.Kd1 Rh2 56.h8=Q+ Rxh8
57.Rxh8 Bd5 58.Rh5 Bf3+  0-1

[Event "1st WMSG Rapid Ind"]
[Site "Beijing CHN"]
[Date "2008.10.05"]
[Round "2"]
[White "Fier,A"]
[Black "Bartel,Mat"]
[Result "0-1"]
[WhiteElo "2581"]
[BlackElo "2602"]

1.e4 e5 2.Nf3 Nc6 3.Bb5 a6 4.Ba4 Nf6 5.O-O b5 6.Bb3 Bb7 7.c3 Nxe4 8.d4 exd4
9.Re1 d5 10.Ng5 Qd7 11.Nxf7 Qxf7 12.Rxe4+ Be7 13.Rf4 Bf6 14.cxd4 O-O-O 15.Nc3 Rhe8
16.Be3 Na5 17.a4 b4 18.Ne4 Nc4 19.Nxf6 gxf6 20.Qf3 Rd6 21.Bc2 Nxb2 22.Rh4 Nc4
23.Rxh7 Qg8 24.Bf4 Rc6 25.Bf5+ Kb8 26.Rh6 Bc8 27.Bg6 Re7 28.Qh5 Qe6 29.h3 b3
30.Rh8 b2 31.Rb1 Ka7 32.Kh2 Rb6 33.a5 Nxa5 34.Rd8 Nc4 35.Rxd5 Na3 36.Rd8 Nxb1
37.d5 Qe2 38.Qxe2 Rxe2 39.Rxc8 Na3 40.Rxc7+ Rb7 41.d6 Rxc7 42.dxc7 Kb7 43.Bh5 Rc2
44.Bf3+ Kb6 45.Be4 b1=Q  0-1

[Event "1st WMSG Rapid Ind"]
[Site "Beijing CHN"]
[Date "2008.10.06"]
[Round "6"]
[White "Fier,A"]
[Black "Kravtsiv,M"]
[Result "1-0"]
[WhiteElo "2581"]
[BlackElo "2549"]

1.e4 e5 2.Nf3 Nc6 3.Bb5 a6 4.Ba4 Nf6 5.O-O b5 6.Bb3 Bb7 7.c3 Nxe4 8.d4 Na5
9.Bc2 exd4 10.Nxd4 c5 11.Nf5 Qf6 12.Ne3 Qc6 13.a4 Nf6 14.axb5 axb5 15.f3 g6
16.Re1 Be7 17.Nd2 O-O 18.Nf5 Bd8 19.Nh6+ Kg7 20.Ne4 Nxe4 21.Rxe4 f5 22.Re2 Bf6
23.Qe1 Kh8 24.Bf4 Nc4 25.Rxa8 Bxa8 26.Re8 Kg7 27.Bxf5 Nd6 28.Re7+ Nf7 29.Bxd7 Qb7
30.Nxf7 Bxe7 31.Qxe7 Rxf7 32.Be5+ Kg8 33.Qe8+  1-0

[Event "ch-Commonwealth"]
[Site "Nagpur IND"]
[Date "2008.10.06"]
[Round "11"]
[White "Ramnath,B"]
[Black "Sethuraman,S"]
[Result "0-1"]
[WhiteElo "2239"]
[BlackElo "2425"]

1.e4 e5 2.Nf3 Nc6 3.Bb5 a6 4.Ba4 Nf6 5.O-O b5 6.Bb3 Bb7 7.c3 Nxe4 8.Re1 d5
9.d3 Nc5 10.Nxe5 Nxe5 11.Rxe5+ Be7 12.d4 Nxb3 13.axb3 O-O 14.Nd2 Bd6 15.Re1 Qd7
16.b4 Qf5 17.Qf3 Qc2 18.Nf1 Rfe8 19.Ne3 Qd3 20.Rd1 Qg6 21.Nf5 Bf8 22.Ng3 Qc2
23.Rf1 Re6 24.Qf5 Qb3 25.Ra3 Qc4 26.Bd2 Rae8 27.b3 Qc6 28.Raa1 g6 29.Qd3 h5
30.Rfe1 h4 31.Nf1 Bc8 32.Rxe6 Bxe6 33.Ne3 h3 34.g3 Bc8 35.Re1 Bh6 36.f3 Bd7
37.Kf2 Bg7 38.Kg1 Qd6 39.Kf2 Qc6 40.Kg1 Qb7 41.Kf2 c6 42.Ng4 Rxe1 43.Bxe1 Qc8
44.Ne5 Bf5 45.Qd2 Qc7 46.Nd3 a5 47.bxa5 Qxa5 48.Nb4 Qc7 49.Na6 Qa7 50.Nc5 b4
51.g4 bxc3 52.Qxc3 Qa2+ 53.Bd2 Bh6 54.Ke2 Bc8 55.Kd1 Qb1+ 56.Qc1 Qxc1+ 57.Bxc1 Bf8
58.Bf4 g5 59.Be5 Be7 60.Kd2 Bd8 61.Ke3 f6 62.Bd6 Ba5 63.Bg3 Kf7 64.Ke2 Kg6
65.Ke3 Bc3 66.Kd3 Ba5 67.Ke3 f5 68.gxf5+ Bxf5 69.Nb7 Bc3 70.Be5 Bb2 71.Kd2 Kh5
72.Nc5 Ba3 73.Ke2 Bb4 74.Kf2 Bd2 75.Ke2 Bc1 76.Kd1 Ba3 77.Ke2 g4 78.Kf2 Bb4
79.Ke2 Bc2 80.fxg4+ Kxg4 81.Ke3 Bd1 82.Bg3 Bc2 83.Be5 Be1 84.Ke2 Bh4 85.Ke3 Bd1
86.Kd2 Bf3 87.Ne6 Kf5 88.Ng7+ Ke4 89.Ne6 Bg4 90.Nc5+ Kf3 91.Nd3 Bf5 92.Ne1+ Kf2
93.Bf4 Be4 94.Nd3+ Bxd3 95.Kxd3 Kf3 96.Be5 Bg5 97.Kc3 Ke4 98.b4 Be3 99.Bd6 Bxd4+
100.Kd2 Be3+ 101.Ke2 d4 102.Bg3 d3+ 103.Ke1 Kf3 104.Kd1 Kg2  0-1

[Event "1st WMSG Blitz Team w"]
[Site "Beijing CHN"]
[Date "2008.10.13"]
[Round "6"]
[White "Gregorova,Z"]
[Black "Ozturk,Ku"]
[Result "1/2-1/2"]
[WhiteElo "2163"]
[BlackElo "2254"]

1.e4 e5 2.Nf3 Nc6 3.Bb5 a6 4.Ba4 Nf6 5.O-O b5 6.Bb3 Bb7 7.d3 Be7 8.c3 O-O
9.Re1 d6 10.Nbd2 Na5 11.Bc2 c5 12.Nf1 Nc6 13.Ng3 Re8 14.d4 cxd4 15.cxd4 h6
16.Nf5 Bf8 17.h3 exd4 18.N3xd4 Nb4 19.Bb1 Bxe4 20.Bf4 Nbd5 21.Bg3 Bxb1 22.Rxb1 Rxe1+
23.Qxe1 Qb6 24.Qd1 g6 25.Nh4 Bg7 26.Nhf3 Re8 27.Nb3 Ne4 28.Qxd5 Nxg3 29.Kh2 Qxf2
30.Qxd6 Nf1+ 31.Rxf1 Qxf1 32.Nbd4 Qc4 33.b3 Qc8 34.Nc6 Re6 35.Ne7+ Rxe7 36.Qxe7 Qb8+
37.Kh1 Qf4 38.Qe8+ Kh7 39.Qd7 b4 40.Qc6 a5 41.Qc5 Bc3 42.Qxa5 Qc1+ 43.Kh2 Qf4+
44.Kh1 Qc1+ 45.Kh2 Qf4+ 46.Kh1 Kg7 47.Qd5 Qc1+ 48.Kh2 Qf4+ 49.Kh1 g5 50.Qd3 g4
51.hxg4 Qxg4 52.Qe2 Qh5+ 53.Kg1 Qc5+ 54.Kh1 Bf6 55.Qd2 Qf5 56.Qe2 Bd8 57.Kh2 Bc7+
58.Kg1 Qb1+ 59.Qe1 Bb6+ 60.Kh2 Qf5 61.Qg3+ Kh7 62.Kh1 Be3 63.Qe5 Qb1+ 64.Kh2 Qd3
65.Qg3 Qe4 66.Kh1 Bf4 67.Qe1 Qf5 68.Qh4 Qb1+ 69.Qe1 Qf5 70.Qh4 Qb1+ 71.Qe1 Qf5
72.Qh4 Qb1+ 73.Qe1 Qf5 74.Kg1 Qc5+ 75.Kh1 Qh5+ 76.Qh4 Qf5 77.Qe1 Qh5+ 78.Kg1 Qc5+
79.Kh1 Qh5+ 80.Qh4 Qf5  1/2-1/2

[Event "1st WMSG Blitz Team w"]
[Site "Beijing CHN"]
[Date "2008.10.13"]
[Round "10"]
[White "Popova,N"]
[Black "Ozturk,Ku"]
[Result "0-1"]
[WhiteElo "2264"]
[BlackElo "2254"]

1.e4 e5 2.Nf3 Nc6 3.Bb5 a6 4.Ba4 Nf6 5.O-O b5 6.Bb3 Bb7 7.d3 Be7 8.a4 d6
9.c3 O-O 10.Na3 b4 11.Nc4 h6 12.a5 Rb8 13.Ne3 Re8 14.Nf5 Bf8 15.h3 d5 16.Qe2 bxc3
17.bxc3 Ba8 18.Bc2 Ne7 19.Nxe7+ Qxe7 20.Ba4 c6 21.Ba3 Qc7 22.Bxf8 Rxf8 23.exd5 Nxd5
24.Rfc1 Rfe8 25.Nd2 Nf4 26.Qf1 Re6 27.Ne4 c5 28.Bd1 c4 29.Bf3 cxd3 30.Qe1 Rd8
31.Qd2 Qc4 32.Ng3 Bxf3 33.gxf3 Nxh3+ 34.Kh2 Ng5 35.Kg2 Qd5 36.Qe3 Rf6 37.Rab1 Rxf3
38.Kg1 Rxe3 39.fxe3 Qf3 40.Nf1 Ne4 41.Rb2 d2 42.Rcb1 d1=Q 43.Rxd1 Rxd1 44.Rb8+ Kh7
45.Rb2 Rxf1+ 46.Kh2 Qh1+  0-1

[Event "1st WMSG Blitz Team"]
[Site "Beijing CHN"]
[Date "2008.10.13"]
[Round "10"]
[White "Erdogdu,M"]
[Black "Kravtsiv,M"]
[Result "0-1"]
[WhiteElo "2449"]
[BlackElo "2549"]

1.e4 e5 2.Nf3 Nc6 3.Bb5 a6 4.Ba4 Nf6 5.O-O b5 6.Bb3 Bb7 7.c3 Nxe4 8.d4 Na5
9.Bc2 exd4 10.Nxd4 c5 11.Nf5 Qf6 12.Ng3 d5 13.Nxe4 dxe4 14.Nd2 Be7 15.Nxe4 Qc6
16.Qh5 g6 17.Qe5 f6 18.Qg3 O-O 19.Bh6 Rf7 20.Rad1 Nc4 21.h4 Re8 22.Rfe1 Bf8
23.Bxf8 Rfxf8 24.f3 f5 25.Ng5 f4 26.Qf2 Ne3 27.Be4 Qc7 28.Rd2 Bc8 29.Rde2 Kg7
30.g4 Re5 31.Bb1 Qe7 32.Nh3 Qf6 33.Nxf4 Nxg4 34.fxg4 Rxe2 35.Rxe2 Qxf4 36.Re7+ Kg8
37.Qxf4 Rxf4 38.Re4 Rxg4+ 39.Rxg4 Bxg4 40.Be4 a5 41.a3 Kg7 42.Kf2 Kf6 43.Ke3 Ke5
44.Bd3 b4 45.Bc4 Bf5 46.Bg8 h6 47.axb4 axb4 48.Bf7 g5 49.hxg5 hxg5 50.Bc4 Be6
51.Be2 Bf5 52.Bc4 g4 53.Be2 Be6 54.Bd1 bxc3 55.bxc3 Kf5 56.Bc2+ Kg5 57.Be4 Bb3
58.Bc6 Kf5 59.Be4+ Ke5 60.Bc6 Bd5 61.Bb5 g3 62.Bd7 g2 63.Kf2 Be4 64.Bh3 Kd5
65.Bg4 Ke5  0-1

[Event "1st WMSG Blitz Team w"]
[Site "Beijing CHN"]
[Date "2008.10.13"]
[Round "11"]
[White "Ghader Pour,S"]
[Black "Ozturk,Ku"]
[Result "0-1"]
[WhiteElo "2149"]
[BlackElo "2254"]

1.e4 e5 2.Nf3 Nc6 3.Bb5 a6 4.Ba4 Nf6 5.O-O b5 6.Bb3 Bb7 7.d4 exd4 8.Ng5 d5
9.exd5 Na5 10.Re1+ Be7 11.d6 Qxd6 12.Bxf7+ Kf8 13.Be6 Qc6 14.Bh3 h6 15.Ne6+ Kg8
16.Nxg7 Bd6 17.Nf5 Rh7 18.Qd3 Kh8 19.Nd2 Rg8 20.Nf3 Qxf3 21.Qxf3 Bxf3 22.Nxd6 cxd6
23.Bf4 Bb7 24.Bxd6 Nc4 25.Be7 Nd5 26.Bc5 Nf6 27.Bxd4 Rf7 28.Be6 Rxg2+ 29.Kf1 Kg7
30.Bxf7 Kxf7 31.b3 Nd2+ 32.Ke2 Nf3 33.Red1 Ng4 34.Be3 Nxe3 35.Kxe3 Ne5 36.Rg1 Rxh2
37.Rad1 Rh3+ 38.Kd2 Nf3+ 39.Kc1 Nxg1 40.Rxg1 Rf3 41.Rh1 Kg6 42.Rh2 h5 43.Kd2 h4
44.Rxh4 Rxf2+ 45.Kc3 Bd5 46.Rd4 Be6 47.Rd6 Kf7 48.Rxa6 Bf5 49.Ra7+ Ke6 50.Rb7 Rxc2+
51.Kb4 Bd3 52.a3 Rc8 53.a4 bxa4 54.bxa4 Kd6 55.a5 Kc6 56.Rg7 Rb8+ 57.Kc3 Ba6
58.Kd4 Kb5 59.Rg5+ Ka4 60.Kc5 Rb5+ 61.Kc6 Rxg5 62.Kb6 Rxa5 63.Ka7 Rb5 64.Kxa6 Kb4
65.Ka7 Kc5 66.Ka6 Kc6 67.Ka7 Rb6 68.Ka8 Kc7 69.Ka7 Rc6 70.Ka8 Ra6+  0-1

[Event "1st WMSG Rapid Team w"]
[Site "Beijing CHN"]
[Date "2008.10.15"]
[Round "3"]
[White "Ghader Pour,S"]
[Black "Ozturk,Ku"]
[Result "1-0"]
[WhiteElo "2149"]
[BlackElo "2254"]

1.e4 e5 2.Nf3 Nc6 3.Bb5 a6 4.Ba4 Nf6 5.O-O b5 6.Bb3 Bb7 7.d3 Be7 8.Re1 O-O
9.a3 d6 10.Nc3 h6 11.Ne2 Re8 12.Ng3 Na5 13.Ba2 c5 14.Nf5 Bf8 15.N3h4 d5 16.Qf3 dxe4
17.Qg3 Kh7 18.Bxf7 Bd5 19.Qg6+ Kh8 20.Bxh6 gxh6 21.Nxh6 Ra7 22.Bxd5 Qxd5
23.Qxf6+ Bg7 24.Qb6 Rb7 25.Qxa5 Bxh6 26.Rxe4 Re6 27.Nf5 Bf4 28.Rae1 Rf6 29.Ne3 Qd7
30.g3 Rg6 31.Ng2 Qf7 32.Qd8+ Kh7 33.Nxf4 exf4 34.Qh4+ Rh6 35.Qxf4 Rf6 36.Qh4+ Kg7
37.Rg4+ Kf8 38.Qh8+  1-0

[Event "1st WMSG Rapid Team w"]
[Site "Beijing CHN"]
[Date "2008.10.16"]
[Round "8"]
[White "Pogonina,N"]
[Black "Sachdev,T"]
[Result "1-0"]
[WhiteElo "2474"]
[BlackElo "2425"]

1.e4 e5 2.Nf3 Nc6 3.Bb5 a6 4.Ba4 Nf6 5.O-O b5 6.Bb3 Bb7 7.d3 Be7 8.Nc3 d6
9.a4 b4 10.Nd5 Nxd5 11.Bxd5 Na5 12.Bxb7 Nxb7 13.d4 Bf6 14.dxe5 dxe5 15.Qe2 O-O
16.Rd1 Qe7 17.Be3 Rfd8 18.Rxd8+ Qxd8 19.Rd1 Qe8 20.b3 Qc6 21.Rd5 Qc3 22.h3 a5
23.Qb5 Nd6 24.Qd3 Qa1+ 25.Kh2 h6 26.Rc5 Ne8 27.Qb5 Be7 28.Qc6 Rd8 29.Rxa5 Bd6
30.Ra8 Rxa8 31.Qxa8 Kf8 32.a5 f5 33.a6 f4 34.Bd2 Bc5 35.Be1 Ke7 36.Qb7  1-0

[Event "13th ECC w"]
[Site "Kallithea GRE"]
[Date "2008.10.17"]
[Round "1"]
[White "Kosintseva,T"]
[Black "Karlovich,A"]
[Result "1-0"]
[WhiteElo "2513"]
[BlackElo "2256"]

1.e4 e5 2.Nf3 Nc6 3.Bb5 a6 4.Ba4 Nf6 5.O-O b5 6.Bb3 Bb7 7.d3 Be7 8.a4 Rb8
9.axb5 axb5 10.Nc3 b4 11.Nd5 O-O 12.Be3 d6 13.Qd2 Bc8 14.h3 Be6 15.Ra6 Bd7
16.Ba4 Nd4 17.Bxd4 Nxd5 18.exd5 exd4 19.Bxd7 Qxd7 20.Nxd4 Bf6 21.Nc6 Bxb2
22.Nxb8 Rxb8 23.Qxb4 Qc8 24.Qc4 Bd4 25.Re1 g6 26.Ra4 Bc5 27.Qf4 Qb7 28.Rae4 Qxd5
29.Qh6 Rf8 30.Re8  1-0

[Event "Magistral Endesa GM"]
[Site "Endesa CHI"]
[Date "2008.10.30"]
[Round "8"]
[White "Alonso,S"]
[Black "Lopez Silva,H"]
[Result "1/2-1/2"]
[WhiteElo "2446"]
[BlackElo "2410"]

1.e4 e5 2.Nf3 Nc6 3.Bb5 a6 4.Ba4 Nf6 5.O-O b5 6.Bb3 Bb7 7.Re1 Bc5 8.d3 d6
9.a3 O-O 10.Nc3 Kh8 11.Ng5 h6 12.Nf3 Ba7 13.Nd5 Ng4 14.Ne3 f5 15.exf5 Nxe3
16.Bxe3 Rxf5 17.Bd5 Bxe3 18.Rxe3 Qc8 19.Nh4 Rf6 20.Rf3 Rxf3 21.Bxf3 Ne7 22.Bxb7 Qxb7
23.Qg4 Qc8 24.Qe4 Rb8 25.f4 Qe6 26.fxe5 dxe5 27.Re1 Qb6+  1/2-1/2

[Event "TCh-BEL 2008-9"]
[Site "Belgium BEL"]
[Date "2008.11.02"]
[Round "3"]
[White "Wemmers,X"]
[Black "Geenen,M"]
[Result "1-0"]
[WhiteElo "2397"]
[BlackElo "2316"]

1.e4 e5 2.Nf3 Nc6 3.Bb5 a6 4.Ba4 Nf6 5.O-O b5 6.Bb3 Bb7 7.d3 Bc5 8.a4 O-O
9.Nc3 Na5 10.Ba2 b4 11.Ne2 Re8 12.Ng3 d5 13.Qe1 dxe4 14.dxe4 h6 15.Be3 Bxe3
16.Qxe3 Qe7 17.Rad1 Bc8 18.Rfe1 Bd7 19.Nh4 Be6 20.Bxe6 Qxe6 21.Qc5 Qb6 22.Qxb6 cxb6
23.Nhf5 g6 24.Rd6 Nh7 25.Ne3 b3 26.cxb3 Nxb3 27.Rxb6 Reb8 28.Rxb8+ Rxb8 29.Rd1 Nc5
30.Nc4 Rb4 31.Nxe5 Rxb2 32.h4 Nxa4 33.Rd7 Rb1+ 34.Kh2 Nf6 35.Rd6 Kg7 36.Rxa6 Nc5
37.Ra7 Nfxe4 38.Nxe4 Nxe4 39.Rxf7+ Kg8 40.Rf4 Nd2 41.Nxg6  1-0

[Event "Pan-American Continental"]
[Site "Boca Raton USA"]
[Date "2008.11.03"]
[Round "3"]
[White "Friedel,J"]
[Black "Lugo,Bl"]
[Result "1-0"]
[WhiteElo "2498"]
[BlackElo "2403"]

1.e4 e5 2.Nf3 Nc6 3.Bb5 a6 4.Ba4 Nf6 5.O-O b5 6.Bb3 Bb7 7.c3 d5 8.d4 Nxe4
9.dxe5 Na5 10.Bc2 Nc4 11.a4 b4 12.a5 bxc3 13.Nxc3 Be7 14.Qd3 f6 15.Nxe4 dxe4
16.Qxc4 exf3 17.Rd1 Qc8 18.exf6 Bxf6 19.Bb3 Rf8 20.Re1+ Kd8 21.Bf4 c5 22.Rad1+ Bd4
23.Rxd4+ cxd4 24.Qxd4+ Qd7 25.Qb6+  1-0

[Event "38th Olympiad"]
[Site "Dresden GER"]
[Date "2008.11.13"]
[Round "1"]
[White "Hatanbaatar,B"]
[Black "Sulskis,S"]
[Result "0-1"]
[WhiteElo "2375"]
[BlackElo "2572"]

1.e4 e5 2.Nf3 Nc6 3.Bb5 a6 4.Ba4 Nf6 5.O-O b5 6.Bb3 Bb7 7.Re1 Bc5 8.c3 d6
9.d4 Bb6 10.Be3 O-O 11.Nbd2 h6 12.h3 Re8 13.d5 Ne7 14.Bxb6 cxb6 15.Bc2 Ng6
16.Bd3 Re7 17.Bf1 Bc8 18.a4 bxa4 19.Rxa4 Rea7 20.b4 a5 21.Bb5 Bd7 22.Bxd7 Nxd7
23.g3 b5 24.Rxa5 Rxa5 25.bxa5 Qxa5 26.c4 b4 27.Nb3 Qc7 28.Qc2 Ngf8 29.Rc1 Nc5
30.Nxc5 Qxc5 31.Nd2 Nd7 32.Qb2 Ra3 33.Kg2 Qa5 34.Nb3 Qa7 35.Rc2 Qa4 36.Nc1 Nc5
37.f3 b3 38.Rc3 Qb4 39.g4 Na4 40.Rxb3 Rxb3 41.Qxb3 Qd2+ 42.Kg3 Qxc1 43.h4 Nc3
44.Qb8+ Kh7 45.Qxd6 Qg1+ 46.Kh3 Ne2  0-1